00686 am a2200205 a 450000500170000000800410001702000150005804000240007304100080009708200110010511000240011624501150014026000360025530000310029150400450032265000290036765000360039665000220043270000260045420150924130915.0110510s2004 ck a r 001 0 spa d a958938644X aCO-BoFUBcCO-BoIAVH1 aspa04a631.58 aCipav - Colciencias00aSistemas silvopastoriles :bestablecimiento y manejo cinvestigacion y textos Ruben G. Espinel M. ... [et al.] aCali :bFundacion CIPAV,c2004. a167 p. :bfotos. ;c22 cm. aIncluye lecturas recomendadas p. 157-167 7aPropagación de Arboles 7aSistemas agrícolas integrados 7aCultivo Integrado1 aEspinel M., Ruben G.